[Event "Senior DM 65+ 2022"]
[Site "Aalborg"]
[Date "2022.02.20"]
[Round "1"]
[White "Rasmussen, Anders"]
[Black "Davidsen, Niels Chr"]
[Result "0-1"]
[WhiteElo "1474"]
[BlackElo "1937"]
[PlyCount "48"]
[EventDate "2022.02.20"]
[EventType "swiss"]
[EventRounds "7"]
[EventCountry "DEN"]

1. d4 d5 2. Nf3 c6 3. e3 Nf6 4. Nc3 Bg4 5. Be2 Nbd7 6. b3 e6 7. O-O Bd6 8. h3
Bh5 9. Nd2 Bg6 10. Bb2 O-O 11. f4 Rc8 12. Nf3 c5 13. Nb5 Bb8 14. c3 a6 15. Na3
Ne4 16. Kh2 f6 17. Rc1 b5 18. Nb1 c4 19. Nbd2 Nxd2 20. Qxd2 Bf7 21. Qe1 e5 22.
f5 e4+ 23. Kh1 exf3 24. Bxf3 Qc7 0-1

[Event "Senior DM 65+ 2022"]
[Site "Aalborg"]
[Date "2022.02.20"]
[Round "1"]
[White "Knudsen, Ole"]
[Black "Kristensen, Lars Ostergaard"]
[Result "1-0"]
[WhiteElo "1939"]
[BlackElo "1530"]
[PlyCount "41"]
[EventDate "2022.02.20"]
[EventType "swiss"]
[EventRounds "7"]
[EventCountry "DEN"]

1. e4 c6 2. d4 d5 3. e5 Bf5 4. h4 h5 5. Bd3 Bxd3 6. Qxd3 e6 7. Bg5 Be7 8. Nf3
Qa5+ 9. Nbd2 Qa6 10. c4 Nd7 11. O-O Bxg5 12. Nxg5 Ne7 13. Qf3 Nf5 14. cxd5 cxd5
15. Rfc1 f6 16. exf6 gxf6 17. Nxe6 Qxe6 18. Re1 Nxd4 19. Rxe6+ Nxe6 20. Qxd5
Nf4 21. Qe4+ 1-0

[Event "Senior DM 65+ 2022"]
[Site "Aalborg"]
[Date "2022.02.20"]
[Round "1"]
[White "Jensen, Bent Kiel"]
[Black "Moestrup, Jorn"]
[Result "0-1"]
[WhiteElo "1530"]
[BlackElo "1948"]
[PlyCount "66"]
[EventDate "2022.02.20"]
[EventType "swiss"]
[EventRounds "7"]
[EventCountry "DEN"]

1. d4 d5 2. c4 c6 3. cxd5 cxd5 4. Nf3 Nf6 5. Nc3 Bf5 6. Bf4 Nc6 7. e3 h6 8. Bd3
Bxd3 9. Qxd3 e6 10. O-O Be7 11. h3 a6 12. Rfc1 O-O 13. Ne5 Rc8 14. Na4 Nxe5 15.
Bxe5 Nd7 16. Bg3 Qa5 17. Nc3 Qb4 18. Qd2 Rc4 19. b3 Rc6 20. Qd3 Rfc8 21. Ne2
Qa5 22. a4 b5 23. axb5 Rxc1+ 24. Rxc1 Rxc1+ 25. Nxc1 axb5 26. Qc2 Qe1+ 27. Kh2
Nf6 28. Nd3 Qf1 29. f3 Nh5 30. Bc7 Bg5 31. g4 Bxe3 32. Qg2 Qxd3 33. gxh5 Bxd4
0-1

[Event "Senior DM 65+ 2022"]
[Site "Aalborg"]
[Date "2022.02.20"]
[Round "1"]
[White "Pakmor, Claus"]
[Black "Nielsen, Bent K"]
[Result "1-0"]
[WhiteElo "1900"]
[BlackElo "1163"]
[PlyCount "35"]
[EventDate "2022.02.20"]
[EventType "swiss"]
[EventRounds "7"]
[EventCountry "DEN"]

1. e4 e5 2. Nf3 Nc6 3. Bb5 a6 4. Ba4 Nf6 5. O-O Bc5 6. Re1 O-O 7. c3 d6 8. d4
exd4 9. cxd4 Ba7 10. h3 Bd7 11. Bg5 h6 12. Bh4 g5 13. Bxc6 bxc6 14. Nxg5 hxg5
15. Bxg5 Re8 16. e5 Qb8 17. Bxf6 Bf5 18. Qh5 1-0

[Event "Senior DM 65+ 2022"]
[Site "Aalborg"]
[Date "2022.02.20"]
[Round "1"]
[White "Bohnstedt, Michael"]
[Black "Fjordside, Arne Dan"]
[Result "1/2-1/2"]
[WhiteElo "1415"]
[BlackElo "1914"]
[PlyCount "118"]
[EventDate "2022.02.20"]
[EventType "swiss"]
[EventRounds "7"]
[EventCountry "DEN"]

1. e4 e6 2. d4 d5 3. e5 c5 4. c3 Bd7 5. Nf3 Nc6 6. a3 a5 7. Be3 cxd4 8. cxd4 f6
9. Bd3 fxe5 10. dxe5 Nh6 11. O-O Nf7 12. Bf4 g6 13. Re1 Bg7 14. Nc3 O-O 15. Qd2
Ne7 16. h4 Nf5 17. Bxf5 gxf5 18. Nxd5 Bc6 19. Nc3 Bxf3 20. Qxd8 Raxd8 21. gxf3
Rd3 22. Kg2 Rfd8 23. Rad1 Bf8 24. Rxd3 Rxd3 25. Rd1 Rxd1 26. Nxd1 Bg7 27. Bd2
Nxe5 28. Bxa5 Nc4 29. Bc3 Bxc3 30. bxc3 Nxa3 31. f4 Kf7 32. Ne3 Ke7 33. Kf3 Kd6
34. h5 h6 35. Ke2 b5 36. Kd3 Kc5 37. Nc2 Nxc2 38. Kxc2 Kc4 39. f3 b4 40. cxb4
Kxb4 41. Kd3 Kc5 42. Kc3 Kd5 43. Kd3 e5 44. fxe5 Kxe5 45. Ke3 f4+ 46. Kd3 Kd5
47. Kc3 Ke5 48. Kc4 Kf5 49. Kd5 Kg5 50. Ke5 Kxh5 51. Kf5 Kh4 52. Kxf4 h5 53.
Ke5 Kg3 54. f4 h4 55. f5 h3 56. f6 h2 57. f7 h1=Q 58. f8=Q Qa1+ 59. Ke6 Qa6+
1/2-1/2

[Event "Senior DM 65+ 2022"]
[Site "Aalborg"]
[Date "2022.02.20"]
[Round "1"]
[White "Skovgaard, Tom"]
[Black "Rostgaard, Bjarne"]
[Result "1/2-1/2"]
[WhiteElo "1936"]
[BlackElo "1454"]
[PlyCount "96"]
[EventDate "2022.02.20"]
[EventType "swiss"]
[EventRounds "7"]
[EventCountry "DEN"]

1. e4 e6 2. d4 d5 3. Nd2 Nf6 4. e5 Nfd7 5. Bd3 c5 6. c3 Nc6 7. Ndf3 cxd4 8.
cxd4 Bb4+ 9. Bd2 Qb6 10. Ne2 O-O 11. O-O f6 12. exf6 Nxf6 13. Rc1 Bd7 14. Bxb4
Qxb4 15. Qd2 Qd6 16. h3 Rae8 17. Rfe1 e5 18. dxe5 Nxe5 19. Ned4 Nxd3 20. Qxd3
Ne4 21. Re3 g5 22. Rf1 g4 23. hxg4 Bxg4 24. Nd2 Bh5 25. Nxe4 dxe4 26. Rg3+ Bg6
27. Qb3+ Kh8 28. Nc2 b6 29. Qc3+ Qe5 30. Rd1 Qxc3 31. Rxc3 Re7 32. Rd2 Kg7 33.
Ne3 h5 34. Rdc2 Rff7 35. Rc6 Rd7 36. b4 Rf6 37. Rc7 Rxc7 38. Rxc7+ Rf7 39. Rc2
Rd7 40. Kf1 Kf6 41. Rc6+ Kf7 42. Nc4 Re7 43. a4 Kg7 44. a5 Be8 45. Rc8 Bb5 46.
Ke1 Ba6 47. Rc6 Bb5 48. Rc8 Ba6 1/2-1/2

[Event "Senior DM 65+ 2022"]
[Site "Aalborg"]
[Date "2022.02.21"]
[Round "2"]
[White "Harders, Poul Erik"]
[Black "Nielsen, Mogens"]
[Result "0-1"]
[WhiteElo "1530"]
[BlackElo "1846"]
[PlyCount "104"]
[EventDate "2022.02.20"]
[EventType "swiss"]
[EventRounds "7"]
[EventCountry "DEN"]

1. d4 Nf6 2. c4 c5 3. d5 b5 4. Nf3 g6 5. Nbd2 bxc4 6. e4 Qa5 7. Qc2 d6 8. Bxc4
Bg7 9. O-O O-O 10. Bb3 Ba6 11. Re1 Nbd7 12. Nc4 Qc7 13. Bd2 Bxc4 14. Bxc4 Ng4
15. Bc3 Nge5 16. Nxe5 Nxe5 17. Be2 Rab8 18. f4 Nd7 19. Bxg7 Kxg7 20. b3 Qb6 21.
Kh1 Qb4 22. Bc4 f6 23. Rac1 a5 24. Re2 Rb7 25. g4 Nb6 26. Qb2 Rfb8 27. Qa1 Qa3
28. g5 Nxc4 29. Rxc4 Rb4 30. Rxb4 Rxb4 31. Qc3 Rd4 32. e5 Qb4 33. exf6+ exf6
34. Re7+ Kf8 35. Qe3 Rd1+ 36. Kg2 Qd2+ 37. Qe2 Qxe2+ 38. Rxe2 fxg5 39. fxg5
Rxd5 40. h4 Kf7 41. Kg3 Re5 42. Rf2+ Ke7 43. Rc2 Re4 44. Rc3 a4 45. bxa4 Rxa4
46. Re3+ Kd7 47. a3 Rd4 48. Rf3 Re4 49. Rf7+ Re7 50. Rf3 Kc6 51. a4 c4 52. Kf4
Rf7+ 0-1

[Event "Senior DM 65+ 2022"]
[Site "Aalborg"]
[Date "2022.02.21"]
[Round "2"]
[White "Gottschalck, Christian"]
[Black "Rasmussen, Anders"]
[Result "1/2-1/2"]
[WhiteElo "1746"]
[BlackElo "1474"]
[PlyCount "112"]
[EventDate "2022.02.20"]
[EventType "swiss"]
[EventRounds "7"]
[EventCountry "DEN"]

1. c4 c5 2. Nc3 Nc6 3. g3 Nf6 4. Bg2 e6 5. e4 d6 6. Nge2 Be7 7. O-O O-O 8. d4
cxd4 9. Nxd4 e5 10. Nb3 a6 11. h3 Rb8 12. Be3 b6 13. Nd5 Nxd5 14. cxd5 Na5 15.
Nxa5 bxa5 16. Qd2 a4 17. Rfc1 Bd7 18. Rc2 Rc8 19. Rac1 Rxc2 20. Rxc2 Bb5 21.
Bf1 Qd7 22. Bxb5 axb5 23. Kg2 Rc8 24. Qc1 Rxc2 25. Qxc2 Bd8 26. Qc3 Qc7 27. Qb4
Qd7 28. f4 f6 29. f5 h6 30. g4 Kf7 31. Kf3 Ke7 32. h4 Kf7 33. h5 Ke7 34. Qd2
Qe8 35. Kg3 Qf8 36. Qc3 Qe8 37. Kh4 Kf7 38. Qc8 Be7 39. Qb7 Kf8 40. Bb6 Kg8 41.
Qc6 Kf8 42. Qb7 Kf7 43. Bc7 Kf8 44. Qb8 Qxb8 45. Bxb8 Ke8 46. Bc7 Kd7 47. Ba5
Bd8 48. Bb4 Bc7 49. Kg3 Bb6 50. Kf3 Bc5 51. Bxc5 dxc5 52. b3 axb3 53. axb3 Kd6
54. Ke3 Kd7 55. Kd3 Kd6 56. Kc3 Kd7 1/2-1/2

[Event "Senior DM 65+ 2022"]
[Site "Aalborg"]
[Date "2022.02.21"]
[Round "2"]
[White "Nielsen, Bent K"]
[Black "Pilgaard, Johannes"]
[Result "0-1"]
[WhiteElo "1163"]
[BlackElo "1722"]
[PlyCount "50"]
[EventDate "2022.02.20"]
[EventType "swiss"]
[EventRounds "7"]
[EventCountry "DEN"]

1. e4 e6 2. Nc3 d5 3. d4 dxe4 4. Nxe4 Nd7 5. Be3 Ngf6 6. Bd3 Nxe4 7. Bxe4 Nf6
8. Bf3 Be7 9. Qe2 Bd7 10. Bxb7 Rb8 11. Qa6 O-O 12. O-O-O c6 13. Bf4 Rxb7 14.
Qxb7 Qa5 15. Qb3 Ne4 16. Be3 e5 17. f3 Nd6 18. dxe5 Qxe5 19. Bd4 Qg5+ 20. Rd2
Be6 21. Qe3 Qa5 22. Qa3 Qb5 23. Rd3 Qg5+ 24. Rd2 Nc4 25. Be3 Nxe3 0-1

[Event "Senior DM 65+ 2022"]
[Site "Aalborg"]
[Date "2022.02.21"]
[Round "2"]
[White "Marshall, Michael O"]
[Black "Jensen, Bent Kiel"]
[Result "1-0"]
[WhiteElo "1746"]
[BlackElo "1530"]
[PlyCount "45"]
[EventDate "2022.02.20"]
[EventType "swiss"]
[EventRounds "7"]
[EventCountry "DEN"]

1. d4 d5 2. Bf4 Nf6 3. e3 c5 4. Nc3 Nc6 5. Nb5 e5 6. dxe5 Qa5+ 7. c3 a6 8. exf6
axb5 9. Qxd5 Be6 10. Qd1 gxf6 11. Nf3 b4 12. cxb4 Qxb4+ 13. Qd2 Rxa2 14. Rxa2
Bxa2 15. Qxb4 Nxb4 16. Bb5+ Ke7 17. O-O Nd5 18. Bg3 h5 19. Ra1 Bb3 20. Ra7 Bc2
21. Rxb7+ Ke6 22. Bd7+ Ke7 23. Bf5+ 1-0

[Event "Senior DM 65+ 2022"]
[Site "Aalborg"]
[Date "2022.02.21"]
[Round "2"]
[White "Falberg, Hugo"]
[Black "Larsen, Hans Haagen"]
[Result "1-0"]
[WhiteElo "1782"]
[BlackElo "1618"]
[PlyCount "83"]
[EventDate "2022.02.20"]
[EventType "swiss"]
[EventRounds "7"]
[EventCountry "DEN"]

1. f4 d5 2. Nf3 Nf6 3. e3 Bf5 4. Be2 h6 5. O-O e6 6. d3 Be7 7. Qe1 Nbd7 8. Nc3
c6 9. h3 Qc7 10. Bd2 O-O-O 11. a3 Rdg8 12. Nd4 Bh7 13. b4 g5 14. b5 c5 15. b6
axb6 16. Ndb5 Qb8 17. a4 gxf4 18. Rxf4 Rg5 19. a5 Rhg8 20. Bf1 Bf5 21. Kh1 Bxh3
22. gxh3 Rg1+ 23. Kh2 Nh5 24. axb6 Nxb6 25. Ne2 Nxf4 26. exf4 R1g6 27. Ba5 Bd8
28. Qb1 Kd7 29. Nbc3 Qd6 30. Nb5 Qb8 31. Nbc3 e5 32. Bxb6 Bxb6 33. Nxd5 Bc7 34.
Qb5+ Kc8 35. Ne7+ Kd8 36. Nxg6 Rxg6 37. Qxc5 Bd6 38. Qd5 Rf6 39. Kh1 exf4 40.
Nd4 Ke8 41. Bg2 Be5 42. Re1 1-0

[Event "Senior DM 65+ 2022"]
[Site "Aalborg"]
[Date "2022.02.21"]
[Round "2"]
[White "Kristensen, Lars Ostergaard"]
[Black "Andersson, Finn"]
[Result "1-0"]
[WhiteElo "1530"]
[BlackElo "1767"]
[PlyCount "53"]
[EventDate "2022.02.20"]
[EventType "swiss"]
[EventRounds "7"]
[EventCountry "DEN"]

1. d4 Nf6 2. c4 e6 3. Nf3 c5 4. d5 exd5 5. cxd5 d6 6. Nc3 a6 7. a4 g6 8. h3 Bg7
9. e4 O-O 10. Bd3 Nh5 11. Be3 Nd7 12. Qd2 Re8 13. O-O Rb8 14. a5 b5 15. axb6
Nxb6 16. Bg5 Qc7 17. g4 Nf6 18. b3 c4 19. Bxc4 Nxc4 20. bxc4 Qxc4 21. Rac1 Bd7
22. Bf4 Nxe4 23. Nxe4 Qxe4 24. Ng5 Be5 25. Nxe4 Rb2 26. Rc2 Bxf4 27. Qxf4 1-0

[Event "Senior DM 65+ 2022"]
[Site "Aalborg"]
[Date "2022.02.22"]
[Round "3"]
[White "Andersson, Finn"]
[Black "Harders, Poul Erik"]
[Result "0-1"]
[WhiteElo "1767"]
[BlackElo "1530"]
[PlyCount "54"]
[EventDate "2022.02.20"]
[EventType "swiss"]
[EventRounds "7"]
[EventCountry "DEN"]

1. e4 c5 2. Nf3 a6 3. c4 Nc6 4. d4 cxd4 5. Nxd4 Nf6 6. Nc3 d6 7. Be2 g6 8. Be3
Bg7 9. Qd2 O-O 10. f4 Bd7 11. Nb3 Rc8 12. O-O Na5 13. Nxa5 Qxa5 14. Nd5 Qxd2
15. Nxe7+ Kh8 16. Bxd2 Rce8 17. Nd5 Nxe4 18. Be1 Bd4+ 19. Kh1 Bc6 20. Nc3 Nxc3
21. bxc3 Rxe2 22. cxd4 Bxg2+ 23. Kg1 Bxf1 24. Kxf1 Rxh2 25. d5 Re8 26. Bc3+ Kg8
27. Rb1 Rh1+ 0-1

[Event "Senior DM 65+ 2022"]
[Site "Aalborg"]
[Date "2022.02.22"]
[Round "3"]
[White "Larsen, Hans Haagen"]
[Black "Nielsen, Bent K"]
[Result "1-0"]
[WhiteElo "1618"]
[BlackElo "1163"]
[PlyCount "72"]
[EventDate "2022.02.20"]
[EventType "swiss"]
[EventRounds "7"]
[EventCountry "DEN"]

1. c4 Nf6 2. Nf3 e6 3. Nc3 Nc6 4. e3 g6 5. Be2 Bg7 6. d4 d5 7. O-O Ne7 8. Qc2
O-O 9. c5 b6 10. b4 bxc5 11. bxc5 a5 12. Rb1 Ba6 13. Nb5 Nc6 14. Bd2 Ne4 15.
Be1 Qe7 16. Bd3 f5 17. a3 Rfb8 18. Nd2 Nb4 19. axb4 Bxb5 20. Bxb5 Rxb5 21. Nxe4
fxe4 22. bxa5 c6 23. Rxb5 cxb5 24. Bb4 Bf8 25. Rb1 Qa7 26. Qb3 Rb8 27. f3 exf3
28. gxf3 Be7 29. e4 Bf6 30. exd5 Bxd4+ 31. Kh1 Bxc5 32. dxe6 Be7 33. Rd1 Kf8
34. Bxe7+ Qxe7 35. Rd7 Qc5 36. Qb2 Kg8 1-0

[Event "Senior DM 65+ 2022"]
[Site "Aalborg"]
[Date "2022.02.22"]
[Round "3"]
[White "Nielsen, Peter"]
[Black "Jensen, Bent Kiel"]
[Result "1-0"]
[WhiteElo "1678"]
[BlackElo "1530"]
[PlyCount "27"]
[EventDate "2022.02.20"]
[EventType "swiss"]
[EventRounds "7"]
[EventCountry "DEN"]

1. e4 c5 2. Nc3 d6 3. f4 Nc6 4. Nf3 e6 5. Bb5 Bd7 6. O-O Be7 7. d3 Nf6 8. e5
dxe5 9. Nxe5 Nxe5 10. fxe5 Nd5 11. Qg4 Bf8 12. Qf3 Qe7 13. Bg5 f6 14. Nxd5 1-0

[Event "Senior DM 65+ 2022"]
[Site "Aalborg"]
[Date "2022.02.22"]
[Round "3"]
[White "Stald, Flemming"]
[Black "Rostgaard, Bjarne"]
[Result "1/2-1/2"]
[WhiteElo "1745"]
[BlackElo "1454"]
[PlyCount "50"]
[EventDate "2022.02.20"]
[EventType "swiss"]
[EventRounds "7"]
[EventCountry "DEN"]

1. d4 d5 2. Nf3 Bf5 3. Bf4 e6 4. e3 Nf6 5. Nbd2 Bd6 6. Bg3 O-O 7. Nh4 Bg4 8.
Be2 Bxe2 9. Qxe2 c5 10. Nhf3 Nc6 11. c3 cxd4 12. exd4 Nh5 13. Ne5 Nxg3 14. hxg3
Bxe5 15. dxe5 f6 16. exf6 Qxf6 17. f4 e5 18. Qd3 Qf5 19. Qxd5+ Kh8 20. Rh4 Rad8
21. Qb3 Qd3 22. O-O-O Qxg3 23. Rdh1 h6 24. Qxb7 Qg6 25. g3 Rf7 1/2-1/2

[Event "Senior DM 65+ 2022"]
[Site "Aalborg"]
[Date "2022.02.22"]
[Round "3"]
[White "Rasmussen, Anders"]
[Black "Fjordside, Arne Dan"]
[Result "0-1"]
[WhiteElo "1474"]
[BlackElo "1914"]
[PlyCount "104"]
[EventDate "2022.02.20"]
[EventType "swiss"]
[EventRounds "7"]
[EventCountry "DEN"]

1. c4 Nf6 2. Nc3 e6 3. g3 d5 4. cxd5 exd5 5. d4 c6 6. Bg2 Bf5 7. e3 Nbd7 8.
Nge2 Bd6 9. O-O O-O 10. Bd2 Re8 11. a3 Nb6 12. b3 Qe7 13. Bc1 Rad8 14. Bb2 Qd7
15. Re1 h5 16. h4 Bg4 17. Qd2 Bh3 18. Nf4 Bxg2 19. Kxg2 g6 20. f3 Qc7 21. Qf2
a6 22. Rac1 Qe7 23. Nb1 Qd7 24. Re2 Re7 25. a4 Rde8 26. Nc3 c5 27. a5 Bxf4 28.
gxf4 cxd4 29. exd4 Rxe2 30. Nxe2 Qb5 31. Rc2 Qxa5 32. Nc1 Qb5 33. Kg3 Nbd7 34.
Qd2 Qb6 35. Qd3 Nf8 36. Ba3 Qd8 37. Bb2 Ne6 38. Re2 Ng7 39. Rxe8+ Nfxe8 40. Kh3
Nf5 41. Qe2 Qxh4+ 42. Kg2 Qg3+ 43. Kf1 Ned6 44. Qf2 Qxf4 45. Ne2 Qd2 46. Nc3
Qd3+ 47. Kg2 Ne3+ 48. Kg1 Ndf5 49. Qe2 Qxd4 50. Qf2 Qd3 51. Qe2 Qxe2 52. Nxe2
Nc2 0-1

[Event "Senior DM 65+ 2022"]
[Site "Aalborg"]
[Date "2022.02.22"]
[Round "3"]
[White "Bohnstedt, Michael"]
[Black "Gottschalck, Christian"]
[Result "0-1"]
[WhiteElo "1415"]
[BlackElo "1746"]
[PlyCount "38"]
[EventDate "2022.02.20"]
[EventType "swiss"]
[EventRounds "7"]
[EventCountry "DEN"]

1. e4 d5 2. exd5 Nf6 3. Nf3 Bg4 4. h3 Bxf3 5. Qxf3 Qxd5 6. Qxd5 Nxd5 7. c4 Nb4
8. Kd1 N8c6 9. a3 Na6 10. b4 Nd4 11. Bb2 Rd8 12. d3 e5 13. f3 Be7 14. Nc3 c6
15. Ne2 O-O 16. Nxd4 exd4 17. g3 Bf6 18. Kc2 Rfe8 19. Bg2 Re2+ 0-1

[Event "Senior DM 65+ 2022"]
[Site "Aalborg"]
[Date "2022.02.22"]
[Round "3.6"]
[White "Pedersen, Borge"]
[Black "Kristensen, Lars Ostergaard"]
[Result "1-0"]
[WhiteElo "1881"]
[BlackElo "1530"]
[PlyCount "69"]
[EventDate "2022.02.20"]
[EventType "swiss"]
[EventRounds "7"]
[EventCountry "DEN"]

1. d4 d5 2. Nf3 e6 3. c4 c6 4. Nc3 f5 5. cxd5 exd5 6. Bf4 Nf6 7. e3 Be7 8. Ne5
O-O 9. Bd3 Ne4 10. f3 g5 11. fxe4 fxe4 12. Bxe4 dxe4 13. Qb3+ Kg7 14. Bg3 Qb6
15. Qxb6 axb6 16. Nxe4 Bf5 17. Nc3 Nd7 18. O-O Nxe5 19. Bxe5+ Kg6 20. e4 Bd7
21. a3 Bf6 22. Bxf6 Rxf6 23. Rxf6+ Kxf6 24. Rf1+ Ke7 25. d5 Re8 26. e5 cxd5 27.
Nxd5+ Kd8 28. Nxb6 Rxe5 29. Rd1 Re7 30. Rxd7+ Rxd7 31. Nxd7 Kxd7 32. Kf2 Ke6
33. Kf3 h5 34. Ke4 b5 35. b3 1-0

[Event "Senior DM 65+ 2022"]
[Site "Aalborg"]
[Date "2022.02.22"]
[Round "3.7"]
[White "Andreasen, Per Naesby"]
[Black "Moestrup, Jorn"]
[Result "1-0"]
[WhiteElo "2219"]
[BlackElo "1948"]
[PlyCount "65"]
[EventDate "2022.02.20"]
[EventType "swiss"]
[EventRounds "7"]
[EventCountry "DEN"]

1. d4 d5 2. Nf3 Nf6 3. c4 c6 4. e3 a6 5. b3 Bg4 6. Bd3 e6 7. O-O Nbd7 8. Nbd2
Be7 9. h3 Bh5 10. Bb2 O-O 11. Qc2 Bg6 12. Bxg6 hxg6 13. Rad1 Rc8 14. e4 dxe4
15. Nxe4 Nxe4 16. Qxe4 Nf6 17. Qe2 Qc7 18. Rd3 Rfe8 19. Rfd1 Rcd8 20. Ne5 Bd6
21. Qe3 Nh7 22. Bc3 Nf8 23. Qd2 Bxe5 24. dxe5 Rxd3 25. Qxd3 Qc8 26. Qd6 Qb8 27.
Qd4 g5 28. Qd2 Nh7 29. g3 f5 30. exf6 Nxf6 31. Qxg5 Rd8 32. Rxd8+ Qxd8 33. Bxf6
1-0

[Event "Senior DM 65+ 2022"]
[Site "Aalborg"]
[Date "2022.02.22"]
[Round "3.8"]
[White "Thuesen, Mogens Henrik"]
[Black "Mikkelsen, Peter Jorgen Dam"]
[Result "1-0"]
[WhiteElo "2145"]
[BlackElo "2148"]
[PlyCount "65"]
[EventDate "2022.02.20"]
[EventType "swiss"]
[EventRounds "7"]
[EventCountry "DEN"]

1. d4 Nf6 2. c4 c5 3. e3 e6 4. Nf3 Be7 5. Nc3 O-O 6. d5 exd5 7. cxd5 d6 8. Be2
Bg4 9. O-O Nbd7 10. h3 Bh5 11. g4 Bg6 12. Nd2 Ne8 13. e4 Bf6 14. f4 Bxc3 15.
bxc3 f6 16. c4 Nc7 17. Rb1 Rb8 18. Qc2 Re8 19. Bd3 a6 20. a4 a5 21. Bb2 Na6 22.
Rbe1 Nb4 23. Qc3 Nb6 24. Bc2 Qd7 25. Ra1 Re7 26. f5 Be8 27. g5 fxg5 28. Nf3 h6
29. e5 dxe5 30. Nxe5 Qd6 31. f6 Rxe5 32. Qxe5 Nxc4 33. f7+ 1-0

[Event "Senior DM 65+ 2022"]
[Site "Aalborg"]
[Date "2022.02.22"]
[Round "3.9"]
[White "Johnsen, Oystein"]
[Black "Jorgensen, Jorgen"]
[Result "0-1"]
[WhiteElo "1948"]
[BlackElo "2167"]
[PlyCount "84"]
[EventDate "2022.02.20"]
[EventType "swiss"]
[EventRounds "7"]
[EventCountry "DEN"]

1. d4 f5 2. Nc3 d5 3. Bf4 e6 4. Nf3 Nf6 5. e3 c6 6. Be2 Bd6 7. Ne5 O-O 8. h3
Qe7 9. g4 Ne4 10. Nxe4 fxe4 11. h4 Bxe5 12. Bxe5 Nd7 13. Bg3 Qb4+ 14. c3 Qxb2
15. Qc1 Qxc1+ 16. Rxc1 e5 17. g5 exd4 18. cxd4 Nb6 19. O-O Be6 20. Kg2 Nc4 21.
Bf4 b5 22. Rfd1 Rf7 23. Bh5 Rd7 24. Rc2 a5 25. f3 g6 26. Bg4 Bxg4 27. fxg4 b4
28. h5 a4 29. Kg3 b3 30. axb3 axb3 31. Rh2 Ra2 32. Rhh1 gxh5 33. gxh5 b2 34. g6
hxg6 35. hxg6 Rg7 36. Bh6 Rxg6+ 37. Kf4 Rf6+ 38. Kg5 Kf7 39. Rdf1 Rxf1 40.
Rxf1+ Ke7 41. Kg6 Ra1 42. Rf7+ Kd6 0-1

[Event "Senior DM 65+ 2022"]
[Site "Aalborg"]
[Date "2022.02.22"]
[Round "3.10"]
[White "Kolbak, Jens"]
[Black "Davidsen, Niels Chr"]
[Result "1-0"]
[WhiteElo "2163"]
[BlackElo "1937"]
[PlyCount "105"]
[EventDate "2022.02.20"]
[EventType "swiss"]
[EventRounds "7"]
[EventCountry "DEN"]

1. d4 f5 2. Nf3 Nf6 3. g3 e6 4. Bg2 d5 5. O-O Bd6 6. c4 c6 7. b3 O-O 8. Ba3 Ne4
9. Qc2 Nd7 10. Bxd6 Nxd6 11. Nbd2 Qf6 12. e3 Ne4 13. Rad1 g5 14. Qb2 Qg7 15.
Ne5 Nxd2 16. Rxd2 Nxe5 17. dxe5 f4 18. exf4 gxf4 19. Rd3 Bd7 20. gxf4 Rxf4 21.
Rg3 Rg4 22. Bh3 Rg5 23. Kh1 Rxg3 24. hxg3 Rf8 25. Kg2 b6 26. Qe2 Kh8 27. cxd5
cxd5 28. Rc1 Bc8 29. Qe3 Qd7 30. Rd1 Qc6 31. Rd4 Qd7 32. Bg4 Qg7 33. a4 Qg6 34.
Be2 Bb7 35. Bd3 Qg7 36. Kh2 Qf7 37. Rf4 Qg7 38. Rh4 Rf7 39. Kg1 Qf8 40. Qg5 Qg8
41. Qh6 Bc8 42. Kg2 Qg7 43. Qe3 Qf8 44. b4 Bb7 45. Qd4 Bc6 46. a5 bxa5 47. bxa5
Qa3 48. a6 Qa5 49. Rf4 Rxf4 50. Qxf4 Qd8 51. Qf7 Qg8 52. Qxa7 h6 53. Qc7 1-0

[Event "Senior DM 65+ 2022"]
[Site "Aalborg"]
[Date "2022.02.22"]
[Round "3.11"]
[White "Skovgaard, Tom"]
[Black "Christiansen, Jens Jorgen"]
[Result "1/2-1/2"]
[WhiteElo "1936"]
[BlackElo "2080"]
[PlyCount "47"]
[EventDate "2022.02.20"]
[EventType "swiss"]
[EventRounds "7"]
[EventCountry "DEN"]

1. e4 e5 2. Nf3 Nf6 3. d4 Nxe4 4. Bd3 d5 5. Nxe5 Nd7 6. Nxd7 Bxd7 7. O-O Nf6 8.
c3 Be7 9. Re1 O-O 10. Bf4 Re8 11. Nd2 Bg4 12. Qc2 Bh5 13. Bg3 Bg6 14. Re2 Qd7
15. Rae1 c6 16. Bxg6 hxg6 17. Nf3 Ne4 18. Ne5 Qf5 19. Qd1 f6 20. Nd3 Kf7 21.
Re3 Nxg3 22. hxg3 Bd6 23. Qe2 Rxe3 24. Qxe3 1/2-1/2

[Event "Senior DM 65+ 2022"]
[Site "Aalborg"]
[Date "2022.02.22"]
[Round "3.13"]
[White "Gronhoj, Soren"]
[Black "Madsen, Svend Aage"]
[Result "0-1"]
[WhiteElo "2006"]
[BlackElo "1961"]
[PlyCount "42"]
[EventDate "2022.02.20"]
[EventType "swiss"]
[EventRounds "7"]
[EventCountry "DEN"]

1. e4 e5 2. Nf3 Nf6 3. Nxe5 d6 4. Nf3 Nxe4 5. Bc4 d5 6. Bb3 c6 7. O-O Bd6 8. d3
Nc5 9. Re1+ Be6 10. Ng5 O-O 11. d4 Nxb3 12. Nxe6 fxe6 13. Qg4 Nxc1 14. Nd2 Qc7
15. Nf3 Qf7 16. Raxc1 Nd7 17. Qxe6 Bf4 18. Rcd1 Qxe6 19. Rxe6 Rae8 20. Rde1
Rxe6 21. Rxe6 Kf7 0-1

[Event "Senior DM 65+ 2022"]
[Site "Aalborg"]
[Date "2022.02.22"]
[Round "3.14"]
[White "Pedersen, Karsten Nymann"]
[Black "Gronhoj, Benny"]
[Result "0-1"]
[WhiteElo "2073"]
[BlackElo "1877"]
[PlyCount "82"]
[EventDate "2022.02.20"]
[EventType "swiss"]
[EventRounds "7"]
[EventCountry "DEN"]

1. d4 f5 2. g3 Nf6 3. Bg2 e6 4. c4 Bb4+ 5. Bd2 Qe7 6. Nf3 Ne4 7. O-O Nxd2 8.
Nfxd2 Qf6 9. Nb3 Be7 10. Nc3 c6 11. e4 d6 12. f4 fxe4 13. Nxe4 Qh6 14. Nf2 O-O
15. Qe2 g6 16. Rad1 Qg7 17. Bh3 Na6 18. Bxe6+ Bxe6 19. Qxe6+ Kh8 20. Rfe1 Rae8
21. Qd7 Nb8 22. Qe6 Qf6 23. Ng4 Qxe6 24. Rxe6 h5 25. Nf2 Kg7 26. Rde1 Kf7 27.
Nd3 Nd7 28. Nd2 Bf6 29. Rxd6 Rxe1+ 30. Nxe1 Nb6 31. f5 gxf5 32. Nef3 Ke7 33. c5
Nc8 34. Nc4 Nxd6 35. Nxd6 Ke6 36. Kf2 b6 37. Ke3 bxc5 38. dxc5 Bxb2 39. Ne1 f4+
40. Ke4 fxg3 41. hxg3 Be5 0-1

[Event "Senior DM 65+ 2022"]
[Site "Aalborg"]
[Date "2022.02.22"]
[Round "3.15"]
[White "Nielsen, Mogens"]
[Black "Olesen, Poul Erik Norgaard"]
[Result "0-1"]
[WhiteElo "1846"]
[BlackElo "1963"]
[PlyCount "190"]
[EventDate "2022.02.20"]
[EventType "swiss"]
[EventRounds "7"]
[EventCountry "DEN"]

1. e4 d6 2. d4 Nf6 3. Nc3 g6 4. Bf4 c6 5. Qd2 b5 6. e5 dxe5 7. dxe5 Qxd2+ 8.
Bxd2 Nfd7 9. f4 Nb6 10. O-O-O N8d7 11. Nf3 Bg7 12. h4 h5 13. e6 fxe6 14. Bd3
Nf8 15. Ne5 Bxe5 16. fxe5 Bd7 17. Bg5 Nd5 18. Ne4 Nb4 19. a3 Nd5 20. Nc5 O-O-O
21. Be4 Nh7 22. Bd2 Rhg8 23. Rdf1 Rdf8 24. Rxf8+ Nxf8 25. Rf1 Rh8 26. Rf7 Be8
27. Rf3 Nd7 28. Nxd7 Kxd7 29. Bg5 Rg8 30. b3 Rg7 31. Rd3 Kc7 32. Kb2 Nb6 33.
Rc3 a5 34. Rc5 Nd5 35. Bxd5 exd5 36. Bf4 Rf7 37. g3 Kb6 38. b4 axb4 39. axb4
Bd7 40. Rc3 Bf5 41. Ra3 d4 42. Ra8 c5 43. Rb8+ Kc6 44. bxc5 Kxc5 45. Rd8 e6 46.
Kb3 Be4 47. Rc8+ Bc6 48. Rg8 Rc7 49. Rxg6 Be4 50. Rh6 Kd5 51. Rxh5 Rxc2 52. Rh8
Rc3+ 53. Kb4 Bd3 54. Rd8+ Ke4 55. h5 Rc4+ 56. Kb3 Bc2+ 57. Kb2 Kf3 58. h6 Bf5
59. Rd7 d3 60. h7 Rc2+ 61. Kb3 Rh2 62. Kb4 Rxh7 63. Rd6 Rb7 64. Rd4 Rc7 65.
Kxb5 Rc2 66. Bh6 Ke2 67. g4 Bg6 68. Rd6 Be8+ 69. Kb4 d2 70. Bxd2 Rxd2 71. Rxe6
Bf7 72. Rd6 Rb2+ 73. Kc3 Rb3+ 74. Kc2 Re3 75. Rf6 Bd5 76. g5 Rxe5 77. g6 Rg5
78. Kc3 Be4 79. Re6 Ke3 80. Kc4 Kf4 81. Kd4 Bxg6 82. Re7 Rg1 83. Kc5 Rd1 84.
Kc4 Be4 85. Kc5 Rd5+ 86. Kc4 Ke3 87. Re8 Rd7 88. Kc5 Kd3 89. Rh8 Rd5+ 90. Kb4
Bf5 91. Rh4 Bd7 92. Rh7 Rb5+ 93. Ka3 Kc3 94. Ka2 Ra5+ 95. Kb1 Bf5+ 0-1